000 00642nam a2200205Ia 4500
003 GCL
008 140319s9999 xx 000 0 ara d
040 _aGCL /
_cGCL
082 0 4 _a659.1
_bع م
100 1 _aعبدالسلام ابوقحف
245 1 0 _aمحاضرات فى هندسة الاعلان /
_cعبدالسلام ابوقحف
300 _a349 ص
490 _aالهيئة العامة للاستعلامات
_v0
650 0 4 _aالتسويق
650 0 4 _aالاعلان
650 0 4 _aالحملات الاعلانية
650 0 4 _aالفن التجارى
650 0 4 _aالاعلانات - تصميم
942 _2ddc
_cBK
999 _c52049
_d52049